Societat Catalana d'Heràldica
Descripción Física:
11 p. ; 28 cm
Otros Autores:
Societat Catalana d'Heràldica
MARC
| LEADER | 00000nam a2200000Ia 4500 | ||
|---|---|---|---|
| 001 | 22116 | ||
| 008 | 160829s1916 xx 000 0 cat d | ||
| 080 | |a RF-15-59 | ||
| 245 | |a Societat Catalana d'Heràldica | ||
| 260 | |a Barcelona : |b Oliva de Vilanova, |c 1916 | ||
| 300 | |a 11 p. ; |c 28 cm | ||
| 590 | |a Inclou el reglament. | ||
| 590 | |a Prové de 3745, exp. 27 | ||
| 650 | |a Societat Catalana d'Heràldica |x Reglaments i procediment |9 47095 | ||
| 700 | |a Societat Catalana d'Heràldica |9 47096 | ||
| 856 | 4 | |u https://media.diba.cat/diba/fitxers/arxiu/fulletons/bib_22116_1916_baixa.pdf |y Accés lliure | |
| 856 | 4 | |u https://media.diba.cat/diba/fitxers/arxiu/fulletons/bib_22116_1916_baixa.pdf |y Accés lliure | |
| 901 | |a Arxiu | ||
| 942 | |n 1 |2 udc | ||
| 952 | |0 0 |1 0 |4 0 |6 RF1559 |7 1 |9 53661 |a Arxiu |b Arxiu |d 2016-12-01 |l 0 |o RF-15-59 |p 22116 |r 2016-12-01 00:00:00 |w 2016-12-01 |y ARXIU | ||
| 999 | |c 57527 |d 57527 | ||
| 900 | |a bib_22116_1916_baixa.pdf | ||